000 00832nam a22001815i 4500
001 167110
003 ES-MaACL
005 20230906213449.0
008 991229s1889 sp |||| | spa d
040 _aCCPB | B
_bspa
_cCCPB | B
100 1 _aVega de Seoane y Andrea-Pérez, Baldomero.
_9147785
245 1 0 _aCosta E. de los Estados Unidos
_b: instrucciones para tomar sus puertos principales /
_cpublicadas por la Dirección de Hidrografía ; redactadas por Baldomero Vega de Seoane y Andrea-Pérez.
260 _aMadrid :
_bDirección de Hidrografía,
_c1889 (
_fest. tip. Sucesores de Rivadeneyra)
300 _a316 p., 2 h. de grab. ;
_c24 cm.
599 _aLas h. de grab. son las señales de precaución y temporal.
710 1 _aEspaña.
_bDirección de Hidrografía.
_93694
852 _aES-MaACL
_jG-11282
_z-- Enc. hol.
999 _c167110
_d167110